Mortal Kombat Characters - Word Scramble - Statistics

General Stats
  • This quiz has been taken 62 times
  • The average score is 18 of 19
Answer Stats
Scrambled Character Answer % Correct
rabaka Baraka
100%
yracx Cyrax
100%
rogo Goro
100%
jnhony gace Johnny Cage
100%
ungk aol Kung Lao
100%
uil gank Liu Kang
100%
sorcpnoi Scorpion
100%
usb eroz Sub-Zero
100%
tanika Kitana
98%
hoas knha Shao Kahn
98%
onsya ladeb Sonya Blade
98%
gihtnolfw Nightwolf
94%
hsnag tnugs Shang Tsung
94%
mskoe Smoke
94%
otkal kanh Kotal Kahn
92%
eemianl Mileena
88%
rdiane Raiden
88%
teprlei Reptile
82%
kesort Sektor
76%
No matching quizzes found
Score Distribution
Percent of People with Each Score
Percentile by Number Answered
Your Score History
You have not taken this quiz